Information Technology (Record no. 8582)

MARC details
000 -LEADER
fixed length control field 00254nam a22000977a 4500
008 - FIXED-LENGTH DATA ELEMENTS--GENERAL INFORMATION
fixed length control field 180118b ||||| |||| 00| 0 eng d
020 ## - INTERNATIONAL STANDARD BOOK NUMBER
International Standard Book Number 9788178553856
100 ## - MAIN ENTRY--PERSONAL NAME
Personal name Sood. R
9 (RLIN) 127
245 ## - TITLE STATEMENT
Title Information Technology
260 ## - PUBLICATION, DISTRIBUTION, ETC. (IMPRINT)
Place of publication, distribution, etc. New Delhi
Name of publisher, distributor, etc. Arya Publication
Date of publication, distribution, etc. 2008
Holdings
Withdrawn status Lost status Source of classification or shelving scheme Damaged status Koha normalized classification for sorting Not for loan Home library Current library Shelving location Date acquired Total Checkouts Full call number Barcode Date last seen Price effective from Koha item type
    Dewey Decimal Classification   SOO_004_000000000000000_D10   Good Samaritan School Library Good Samaritan School Library Computer Science 01/18/2018   SOO004 D-10 SOO6848 01/18/2018 01/18/2018 BOOK

Powered by Koha